[Event "Tata Steel-A 73rd"]
[Site "Wijk aan Zee"]
[Date "2011.01.30"]
[Round "13"]
[White "Wang, Hao"]
[Black "Nakamura, Hikaru"]
[Result "1/2-1/2"]
[WhiteElo "2731"]
[BlackElo "2751"]
[Annotator "Marin,M"]
[PlyCount "44"]
[EventDate "2011.01.14"]
[EventType "tourn"]
[EventRounds "13"]
[EventCountry "NED"]
[EventCategory "20"]
[SourceTitle "CBM 141"]
[Source "ChessBase"]
[SourceDate "2011.03.17"]
[SourceVersion "1"]
[SourceVersionDate "2011.03.17"]
[SourceQuality "1"]

1. d4 Nf6 2. c4 g6 3. g3 Bg7 4. Bg2 c5 5. d5 d6 6. Nc3 O-O 7. Nf3 e6 8. O-O
exd5 9. cxd5 Re8 10. a4 a6 {By the time the last round started, it was not
clear yet whether Nakamura needed a win or a draw to claim the first prize.
Since Anand had White against Nepomniachtchi, there was a danger that a draw
would not be enough. This justifies the choice of the opening in this crucial
game.} 11. Re1 $5 {Not the most critical line.} (11. Bf4) (11. h3) (11. Nd2)
11... Ne4 {A logical reaction. Facing the positional threat e2-e4, Black
occupies the e4-square himself, even though only temporarily.} 12. Ra3 (12.
Nxe4 Rxe4 13. Nd2 Rb4 $1 {This manoeuvre is typical for the Fianchetto Benoni.
Every time I played it, I had to put/leave the rook under the attack of one of
the white bishops and was rather frustrated by the fact that my opponents
usually ignored it!} 14. Ra2 Nd7 15. b3 b5 16. Ba3 a5 $1 17. Bxb4 axb4 18. Ne4
Nf6 $44 {Postny,E (2556)-Macieja,B (2613)/Warsaw 2005/CBM 108 (0-1, 58)}) 12...
Nxc3 13. bxc3 Nd7 14. c4 Rb8 15. a5 b5 16. axb6 Rxb6 17. Bf4 Qc7 18. e4 Rb4 19.
Bf1 a5 {White's centre looks impressive, but the outside passed pawn should
not be underestimated.} 20. Bd2 Ne5 21. Nxe5 Bxe5 22. Bc3 Bd7 {Black's
position looks promising, but by this time it became clear that Anand could
not win his ending. therefore, Nakamura offered a draw, which was accepted.} (
22... Bd7 23. Bxe5 (23. f4 Bxc3 24. Rxc3 a4 $132) 23... dxe5 $5) 1/2-1/2

[Event "ROM-chT"]
[Site "Predeal"]
[Date "2007.10.15"]
[Round "3"]
[White "Gleizerov, Evgeny"]
[Black "Marin, Mihail"]
[Result "1/2-1/2"]
[WhiteElo "2552"]
[BlackElo "2551"]
[Annotator "Marin,M"]
[PlyCount "59"]
[EventDate "2007.10.13"]
[EventType "team"]
[EventRounds "9"]
[EventCountry "ROU"]
[SourceTitle "CBM 121"]
[Source "ChessBase"]
[SourceDate "2007.11.14"]
[SourceVersion "1"]
[SourceVersionDate "2007.11.14"]
[SourceQuality "1"]
[TimeControl "5400"]
[WhiteClock "0:00:14"]
[BlackClock "0:00:07"]

1. d4 Nf6 2. c4 e6 3. g3 c5 4. d5 exd5 5. cxd5 d6 6. Nc3 g6 7. Nf3 Bg7 8. Bg2
O-O 9. O-O Re8 10. Bf4 Na6 {This is some sort of continuation of the
theoretical dispute initiated at the previous edition of the Romanian team
championship, in the game between the same two players.} ({For} 10... a6 11. a4
Ne4 {see Aronian,L (2759)-Carlsen,M (2693)/Elista 2007/CBM 119/[Marin,M] (1-0,
66)}) 11. Re1 $1 ({More consistent than} 11. Nd2 $6 Nh5 12. Be3 {when the
bishop is exposed to an unpleasant exchange sacrifice.} Nc7 13. a4 b6 14. Rc1
Rxe3 15. fxe3 Qe7 16. e4 {1/2-1/2 Gleizerov,E (2560)-Marin,M (2552)/Romanian
team ch Predeal 2006.}) 11... Bf5 $146 {This new move is a mixture between
home preparation and improvisation. During the championship, I had problems
with my laptop, which developed the irritating habit of rebooting quite
frequently. I must confess that I "designed" my novelty like I used to do it
20 years ago: by moving pieces around on the wooden board exclusively.} ({
Before the present game, my laptop stayed on just the sufficient amount of
time to allow me understand that Gleizerov had some recent experience after} 
11... Bg4 12. h3 ({Again, the knight retreat} 12. Nd2 {is premature:} Nh5 13.
Be3 Rxe3 14. fxe3 Qe7 15. Nf1 {1/2-1/2 Gleizerov,E (2564)-Cvitan,O (2527)/
Zadar 2005/CBM 109 ext. If we take into account our previous game, we can
conclude that Gleizerov cannot stand to have this structure for more than a
couple of moves. I can understand him perfectly!}) 12... Bxf3 13. Bxf3 Qd7 {
By the time I had studied 10...Na6, this was supposed to be OK for Black, but
somehow the following games show that White is on the top, still.} 14. e4 (14.
a4 {looks innocent, but even here Black is under some long term pressure.} Nb4
15. Kg2 a6 16. Qd2 Qe7 17. e4 Nd7 18. Be2 Rac8 19. Bg5 Bf6 20. Be3 Bd4 21. Bg4
Bxe3 22. Rxe3 Ne5 23. Qe2 Nxg4 24. hxg4 {Gleizerov,E (2560)-Lindberg,B (2428)/
Stockholm 2007/CBM 116 ext (1/2-1/2, 47). Black is in no immediate danger, but
White's advantage in space cannot be challenged easily.}) 14... Rad8 15. Kg2 c4
16. b3 $1 {A strong novelty. White immediately undermines Black's queenside
advantage in space.} (16. Be3 Nb4 17. Bxa7 Nd3 18. Re2 b5 $132 {Adorjan,A 
(2520)-Romanishin,O (2525)/Debrecen 1990/CBM 020 (0-1, 47)}) 16... Nh5 $6 (
16... b5 17. bxc4 bxc4 {is critical, but I did not like the fact that most of
Black's pieces are "frozen", while the a6-knight alone is supposed to generate
the whole counterplay. Maybe I was wrong, but further praxis is needed here.})
17. Bd2 Nc5 18. bxc4 $16 {Gleizerov,E (2559)-Stolte,A (2191)/Predeal 2007/TWIC
670 (1-0, 32)}) ({With the queen's knight developed already, Black can
consider the standard operation} 11... Ne4 12. Nxe4 Rxe4 {There is just one
problem: in this situation, the knight is better on the route d7-e5; on a6, it
might just remain out of the game.} 13. Nd2 Rd4 {is more consistent,
resttricting the enemy knight's activity to some extent.} (13... Rxf4 14. gxf4
Bxb2 {1/2-1/2 Lalic,B (2500)-Davies,N (2470)/Vrsac 1989/CBM 015  is not a very
relevant example.}) (13... Re8 $6 {is too passive, allowing} 14. Nc4 $1 g5 (
14... Bf8 15. a4 Nb4 16. e4 $14 {Hansen,T (2393)-Coclet,O (2357)/ICCF Email
2001/Corr 2004 (1-0, 38)}) 15. Bd2 $1 $14 (15. Bc1 b5 16. Nd2 c4 $132 {
Falconnier,M-Gereben,E/Thun SM 1976 (0-1, 35)}) 15... b5 $2 16. Na5 $16) 14. a3
{Mechanically restricting the a6-knight and the rook, but weakening the a-pawn.
} ({I would be afraid of} 14. Be3 Rb4 15. b3 $5 $44 {when the a6-knight is
quite far from the f6-square in case Black accepts the exchange sacrifice.})
14... Rxf4 $5 {This way, the rook will not be trapped.} 15. gxf4 Bxb2 16. Ra2 (
16. Ne4 {The knight has litle to do here.} Nc7 17. Ra2 Bg7 18. a4 b6 19. Qb3
Rb8 20. Nd2 a6 $44 {De Mauro,J (2555)-Osterman,G (2595)/John F Cleeve mem 1996/
Corr 2002 (1/2-1/2, 51). The queenside pawns will be an important factor in
the future, while White's kingside attack has not even started yet.}) 16... Bg7
17. e4 b5 18. e5 Bf5 19. Nf3 Nc7 20. exd6 Ne8 21. d7 Nd6 22. Ne5 {1/2-1/2
Gleizerov,E (2555)-Moskalenko,V (2555)/Alushta 1993/CBM 036. Same symptom.
Exchange sacrifice + chronic kingside weaknesses -> draw agreed. Both sides
enjoy high stability and the position might be just equal. Personally, I like
Black's passed pawns.} Bxd7 23. Rae2 c4 $44) 12. Nh4 Bg4 ({I am proud about
having spotted that} 12... Bd7 $2 13. Bxd6 g5 14. Nf3 Qb6 15. Be5 g4 {fails to}
16. Nd2 $3 $16 {, without the necessity of the previous capture on f6.} Rxe5 $2
17. Nc4 Qc7 18. d6 $18) 13. h3 $1 ({I mainly focused on the developing move} 
13. Qd2 {, when Black seems to be OK.}) 13... Nh5 $5 {This was my intended
trick.} (13... Bc8 14. e4 $14) 14. hxg4 (14. Bd2 Bd7 $13) (14. Nxg6 Bxh3 15.
Bxh3 hxg6 $13) 14... Nxf4 15. Bf1 $1 {[%csl Rf4][%cal Ge2e3] Oops! I had
missed that! White simply threatens to win a piece with e3. My pleasant state
of mind dissapeared instantly. Black is fighting for his life now.} Nc7 $8 (
15... Qg5 $2 16. e3 Bxc3 17. bxc3 Nxd5 18. Nf3 $18) (15... Nb4 16. e3 Bxc3 17.
bxc3 $16 {פb4, Nf4}) 16. e4 (16. e3 $2 Bxc3 17. bxc3 Nfxd5 $15) 16... h5 17.
Qf3 (17. g5 $5 Qxg5 18. Qc1 $1 (18. Nf3 Qg4 $15) 18... Qd8 (18... Be5 19. Nf3
Qg4 20. Nxe5 dxe5 21. Kh2 $16) 19. Nf3 Nfxd5 20. exd5 (20. Nxd5 Nxd5 21. exd5
Qf6 $44) 20... Rxe1 21. Qxe1 Bxc3 22. Qxc3 Nxd5 $14) 17... Bh6 (17... hxg4 18.
Qxf4 g5 19. Qxg4 gxh4 20. gxh4 $40) (17... Be5 18. gxf4 Bxc3 19. bxc3 Qxh4 20.
gxh5 $16 {פc7}) 18. Rad1 $1 $16 {I very much enjoyed Gleizerov's simple and
strong play. White is so well centralized that he can keep the threat to win
the knight in reserve. As the game advances, however, the choices between
tempting continuations on each step eventually confused him and I managed to
escape from deep water.} (18. Qh1 hxg4 19. gxf4 Bxf4 20. Ng2 Be5 $44) 18... Rb8
(18... hxg4 19. Qxg4 Nh5 20. Nxg6 $1 $18) ({During the game I blamed myself
for not having played} 18... a6 {, which takes the b5-square under control.
However, this move would have had the psychological drawback of restricting
White's choices and practically forcing him to continue with} 19. e5 $1 $36
dxe5 (19... Rxe5 20. Rxe5 dxe5 21. Qh1 $5 {פf4}) 20. d6 (20. Ne4 {Gleizerov}
Nb5 $1 $132) 20... Nce6 21. d7 Rf8 22. gxh5 Nxh5 23. Bc4 Nd4 24. Qe4 $16) 19.
Nb5 $6 {The theoretical drawback of this move is that it exchanges one pair of
pieces, something that the side with an advantage it space should avoid.} (19.
Qh1 hxg4 20. gxf4 Bxf4 21. Ng2 Be5 $44) (19. e5 $1 $36) 19... Nxb5 20. Bxb5 $14
Rf8 (20... Nh3+ 21. Kg2 Ng5 22. Qf4 $16) 21. e5 $1 Nh3+ {The knight has stayed
for 7 moves under attack by the g3-pawn...} 22. Kg2 Ng5 23. Qd3 hxg4 (23...
dxe5 24. Rxe5 (24. gxh5 e4 $13) 24... Qd6 25. f4 $36) 24. e6 Qe7 (24... Qf6 25.
e7 Rfe8 26. Qe2 $1 $16) 25. Qe2 $1 {קg4} Nf3 $8 26. Nxf3 gxf3+ 27. Qxf3 fxe6
28. Rxe6 $1 (28. Qg4 e5 29. Qxg6+ Bg7 30. Qe6+ (30. Bd3 Rf6 $11) 30... Rf7 $11)
28... Rxf3 29. Rxe7 Rbf8 {My opponent had missed this simple move. He was so
disappointed that after} 30. Rf1 $14 {he offered a draw.} ({In fact, White
keeps some advantage still:} 30. Rf1 R3f7 ({He had missed that} 30... Bg7 $2 {
is basically losing to} 31. Bd7 $1 $40) 31. Re6 Rf6 32. f4 Bg7 33. Bd7 g5 $14 {
Having reached some stability on the dark squares, Black should survive here.})
1/2-1/2

[Event "Astrakhan FIDE GP"]
[Site "Astrakhan"]
[Date "2010.05.21"]
[Round "10"]
[White "Wang, Yue"]
[Black "Alekseev, Evgeny V"]
[Result "1/2-1/2"]
[WhiteElo "2752"]
[BlackElo "2700"]
[Annotator "Marin,M"]
[PlyCount "131"]
[EventDate "2010.05.10"]
[EventType "tourn"]
[EventRounds "13"]
[EventCountry "RUS"]
[EventCategory "20"]
[SourceTitle "CBM 137"]
[Source "ChessBase"]
[SourceDate "2010.07.15"]
[SourceVersion "1"]
[SourceVersionDate "2010.07.15"]
[SourceQuality "1"]

1. d4 Nf6 2. c4 e6 3. g3 c5 4. d5 exd5 5. cxd5 d6 6. Nc3 g6 7. Bg2 Bg7 8. Nf3
O-O 9. O-O Nbd7 10. Bf4 Qe7 11. e4 {This move has never been too fashionable.}
({The critical line is considered to be} 11. h3 a6 12. a4 Nh5 13. Bg5 {see for
instance Shulman,Y (2581)-Shabalov,A (2595)/San Diego 2006/CBM 112/[Marin] 
(1-0, 41)}) 11... Ng4 $1 {If allowed, Black should play this without thinking.
The control of the e5-square is essential in the Benoni.} 12. Bg5 {The only
way of questioning the effectiveness of the previous move. The queen has no
good squares for retreat, maning that Black will have to either exchange his
dark-squared bishop or temporarily weaken his kingside.} (12. h3 {only helps
Black get his knight on to a good square.} Nge5 13. Nd2 Nd3 (13... a6 $5 14. a4
{[%csl Gb4]} Nd3 15. Be3 N7e5 16. Qc2 f5 17. f4 Nb4 $36) 14. Be3 Nxb2 (14...
N7e5 $5) 15. Qc2 Qf6 (15... Nb6 $5 16. Qxb2 $1 Na4 17. Nxa4 Bxb2 18. Nxb2 b5
19. a4 b4 20. Nbc4 f6 21. e5 fxe5 22. Ne4 $36) 16. Rfc1 Qxc3 17. Qxc3 Bxc3 18.
Rxc3 Na4 19. Rb3 (19. Ra3 $1 b5 20. Rb1 a6 21. Nc4 $16) 19... Rd8 20. Bf1 f6
21. Bb5 Ndb6 22. Ra3 Bd7 23. Rb1 Kf7 24. f4 Bxb5 25. Rxb5 Rd7 26. Kf2 {1/2
Sosonko,G (2470)-Bellin,R (2375)/Hastings 1976/EXT 99. For either side it is
difficult to display any form of activity.}) (12. Qd2 Nge5 13. Bh6 Nxf3+ 14.
Bxf3 Ne5 15. Be2 {Christiansen,L (2475)-Nunn,J (2500)/Hastings 1979/MCD (1/2,
62)} Bxh6 $1 {Since White has no attacking chances, it is a wise idea to force
the queen to occupy an exposed square. In the future, f2-f4 could always be
answered with ...Nf7, winning an important tempo. Besides, the queen stands
well on d2, keeping practically all the important sectors of the board under
control.} 16. Qxh6 f5 $36) 12... f6 13. Bd2 a6 14. a4 Nde5 $146 {Frankly
speaking, I am not very sure about the idea behind this novelty. It does not
seem to bring anything new, but it gives White a choice.} (14... Nge5 15. Nxe5
({Maybe Black wanted to avoid} 15. Ne1 {, but Black would get enough
counterplay anyway:} Nc4 16. Bc1 Nde5 17. f4 Ng4 18. Qd3 Na5 19. h3 Nh6 $132 {
[%cal Ga5b3,Gc5c4,Gf6f5] It is interesting to note that in this position the
knights are well placed on the edges of the board. I hope you do not mind,
Doctor Tarrasch!}) 15... Nxe5 16. f4 Nc4 $1 ({The knight is less stable than
it may seem after} 16... Nd3 17. Qc2 Nb4 18. Qb3 Rb8 19. Nd1 b5 20. a5 $1 $14 {
Kuzmin,G (2520)-Savon,V (2595)/Moscow 1973/EXT 2001 (1/2, 30)}) 17. Bc1 f5 18.
Re1 Re8 19. Bf1 Na5 {Again this square! With the b3-square weak, the knight is
not passive (compare with the ...Nc6 system in the KI.} 20. Bd2 Qc7 $15 {
Boensch,U (2450)-Ehlvest,J (2460)/Tallinn 1983/MCD (0-1, 36)}) 15. h3 (15. Nxe5
{is likely to transpose above. I do not see anything appealing for Black after}
fxe5 16. a5 $14) 15... Nxf3+ 16. Qxf3 Ne5 17. Qe2 Bd7 {A normal developing
move, preparing ...Rae8 followed by ...f5, but also ...b5.} (17... f5 $5 {
was entirely possible:} 18. exf5 $6 Bxf5 $15 19. f4 {Remarkably, this does not
win, but loses material!} Bd3 $1 20. Qe3 (20. Qe1 Bxf1 21. Kxf1 Rae8 $19) 20...
Bxf1 21. Rxf1 Nc6 $3 $17 22. dxc6 $2 Bd4 $1) 18. f4 (18. Rfe1 c4 19. b3 b5 $36
{reveals the second possible plan prepared by the previous black move.}) 18...
Nf7 19. Rfe1 f5 20. Qf3 (20. exf5 Qxe2 21. Rxe2 Bxf5 22. Re7 b5 $132) 20... Qf6
21. exf5 gxf5 {This slightly weakens the kingside, but it is important to
prevent Ne4.} 22. Nd1 Qd4+ 23. Qf2 Rae8 24. Rxe8 Rxe8 25. Bc3 Qd3 26. Bxg7 Kxg7
{Black has an active position and, generally speaking, should be satisfied
with the outcome of the opening. However, the real fight is just about to
start. His slightly vulnerable king's position, as well as White's overall
stability may have long term consequences.} 27. Bf3 Nh6 {Activating Black's
most passive piece.} 28. Ra3 Qb1 29. Qd2 b5 30. axb5 Bxb5 (30... axb5 $2 31.
Ra7 $16) 31. Kf2 Ng8 32. Re3 Nf6 33. Rxe8 Bxe8 34. Nc3 Qa1 35. g4 $14 {[%cal
Gg4g5] Only a few moves have past and White has improved his situation quite a
lot, without needing any obvious black mistake. Still, Black is well
coordinated and is entitled to hope that he can hold his own.} h6 36. Ne2 (36.
g5 hxg5 37. fxg5 Nd7 $1 {[%csl Ge5]}) 36... fxg4 37. hxg4 Qa4 38. Ng3 (38. Qe3
$5 $14) 38... Bd7 $1 $132 {[%csl Gg4]} 39. Qc3 Kg6 40. Qd3+ Kg7 41. g5 hxg5 42.
fxg5 Ng4+ 43. Bxg4 Qxg4 44. Qc3+ Qd4+ 45. Qxd4+ cxd4 46. Kf3 Kg6 47. Ne4 Bf5
48. Nxd6 Kxg5 49. Ne4+ Kg6 50. Kf4 d3 {Although White's pieces dominate the
centre, the reduced amount of pawns and the strong black d-pawn make a draw
the most probable result.} 51. Nd2 Kf6 52. Nc4 Bh7 53. Ke3 Bf5 54. Kd4 Bh7 55.
Kc5 Ke7 56. Kc6 Be4 57. b4 Kf6 58. Kd6 Bf3 59. Nd2 Bg2 60. Nc4 Bf3 61. Kc5 Be4
62. Nd2 Ke5 63. Nc4+ Kf6 64. Kd4 Bh7 65. Kc3 Be4 66. Kd4 1/2-1/2

[Event "Corus"]
[Site "Wijk aan Zee"]
[Date "2008.01.26"]
[Round "12"]
[White "Eljanov, Pavel"]
[Black "Topalov, Veselin"]
[Result "1-0"]
[WhiteElo "2692"]
[BlackElo "2780"]
[Annotator "Marin,M"]
[PlyCount "91"]
[EventDate "2008.01.12"]
[EventType "tourn"]
[EventRounds "13"]
[EventCountry "NED"]
[EventCategory "20"]
[SourceTitle "CBM 122"]
[Source "ChessBase"]
[SourceDate "2008.01.30"]
[SourceVersion "1"]
[SourceVersionDate "2008.01.30"]
[SourceQuality "1"]

1. d4 Nf6 2. c4 e6 3. Nc3 c5 4. d5 exd5 5. cxd5 d6 6. Nf3 g6 7. g3 Bg7 8. Bg2
O-O 9. O-O Re8 10. Bf4 Bg4 $5 {Almost never played before.} ({I have
highlighted Black's problems after the theoretical} 10... Na6 11. Re1 {in my
notes to Gleizerov,E (2552)-Marin,M (2551)/Predeal 2007/CBM 121/[Marin,M] (1/
2-1/2, 30). I can understand Topalov's desire to open a whole new path in this
variation.}) 11. Nd2 $146 ({In the only game where this position was seen,} 11.
Qb3 {was played.} Na6 $5 {This looks like the best continuation. Black
develops a piece an ignores the threat against the b7-pawn.} (11... b6 $6 {
is too passive.} 12. h3 Bxf3 13. Bxf3 $14 {Adorjan,A-Perenyi B/Ch Hungary 
(team), Hungary 1987/(1-0, 33)}) 12. h3 (12. Qxb7 $6 Nb4 $1 $132 {[%csl Gb7]})
12... Bf5 13. Nh4 Bc8 $1 {and, with his knight on h4, White has achieved very
little.}) ({In the event of a neutral move such as} 11. Re1 {, Black can
continue his development with} a6 12. a4 Bxf3 13. Bxf3 Qc7 $11 {[%cal Gb8d7] ,
when his queen's knight would be much better placed than in the variations
given in the notes to my game against Gleizerov.}) 11... Nh5 12. Be3 Nd7 $5 {
A creative way to solve the opening problems. Topalov is ready to sacrifice
material in order to get his knight to e5 and weaken the enemy kingside.} ({
In the event of the more cautious} 12... Na6 {White has an extra tempo
compared to the aforementioned lines by having saved the move Re1. He can use
this tempo by immediately putting the d6-pawn under attack with} 13. Nc4 $1 $14
) ({The thematic} 12... Rxe3 13. fxe3 {looks nice for Black, but, again, he
has the problem of how to develop his queen's knight without leaving the
bishop trapped on g4.} Qe7 14. Nc4 Bxc3 (14... Nd7 15. h3 Ne5 {does not seem
to be sufficient:} 16. Nxe5 Qxe5 17. hxg4 Qxe3+ 18. Rf2 Bd4 19. gxh5 Qxf2+ 20.
Kh2 $16) 15. bxc3 b5 16. Na3 Qxe3+ 17. Rf2 a6 18. Qd3 {Same situation: Black
has a viable position with just one exception: he has not yet found a way to
complete his queenside development.}) 13. h3 Bxh3 14. Bxh3 Nxg3 15. fxg3 Rxe3 {
This must have been part of Topalov's home preparation. As a compensation for
the minimal material investment, Black has excellent development and strong
control on the dark squares. His kingside attacking chances are not that great,
but apparently Topalov thought that he can afford to play normal moves, as if
nothing had happened. Of course, only further practice will prove whether the
sacrifice is entirely correct. A long time ago, I learned from GM Mihai Suba
that in the Benoni it is not so important how good your position is
objectively; the essential thing is to have "some" play.} 16. Rf3 Bd4 17. Rxe3
Bxe3+ 18. Kh1 Ne5 19. Nf1 Bh6 20. e4 a6 21. a4 Qb6 22. Qe2 c4 {As mentioned
above, Black plays all the normal Benoni moves. Given the unmatched domination
of his bishop on dark squares, Topalov might have considered his queenside
play quite promising.} 23. Nh2 Bg7 24. Rf1 Rf8 (24... Nd3 25. Ng4 Qxb2 {
is strongly met by} 26. Nf6+ Bxf6 27. Qxb2 Nxb2 28. Rxf6 Rd8 29. e5 dxe5 30.
Rb6 $16) 25. Ng4 {The critical moment of the game.} Nxg4 $6 {After exchanging
this knight, Black will be left without counterplay.} (25... Nd3 {deserved to
be tested, although after} 26. Nf6+ (26. Nd1 Re8 27. Nf6+ $2 Bxf6 28. Rxf6 Qd4
$36 {[%csl Ge4,Gf6]}) 26... Bxf6 27. Rxf6 Nxb2 28. e5 $5 $13 {Black's position
looks very dangerous. On the other hand, he has three pawns for the piece
already and some chances for perpetual check if White loses coordination or
carelessly trades rooks.} (28. Qf2 Qxf2 29. Rxf2 Nd3 {would allow Black to
consolidate.}) 28... Qb3 $5 29. Ne4 (29. Qf1 Qxc3 30. Rxf7 Rxf7 31. Be6 Kh8 $1
32. Qxf7 Qe1+ {leads to a draw.}) 29... dxe5 30. d6 Qd3 $5) 26. Bxg4 $16 Qc5
27. Kg2 Re8 ({Topalov might have overlooked that after} 27... b5 28. axb5 axb5
{White can establish his domination on light squares in a rather original way:}
29. Bd7 b4 30. Na4 Qa7 31. Bc6 {The presence of opposite coloured bishops
clearly favours White here...}) 28. Qf2 Qc7 29. Be2 Re7 30. Rc1 $18 {White is
a piece up. His last move aims to inhibit any further queenside expansion and
to start active operations on that wing himself.} h5 31. Rc2 Re5 32. Bf3 Qe7
33. a5 Bf6 34. Kf1 Kg7 35. Ne2 Rg5 36. Rxc4 Bxb2 37. Nd4 Ba1 38. Ra4 Bc3 39.
Qe3 Bb2 40. Rb4 Ba1 41. Rb1 Bxd4 42. Qxd4+ Re5 43. Kg2 h4 44. Rh1 hxg3 45. Qd2
g5 46. Qc3 1-0